Lo Codi (Record no. 44990)

MARC details
000 -LEADER
campo de control de longitud fija 00784nam a2200193 i 4500
001 - NÚMERO DE CONTROL
campo de control 44990
003 - IDENTIFICADOR DE NÚMERO DE CONTROL
campo de control ES-MaACL
005 - FECHA Y HORA DE LA ÚLTIMA TRANSACCIÓN
campo de control 20250723061829.0
007 - CAMPO FIJO DE DESCRIPCIÓN FÍSICA--INFORMACIÓN GENERAL
campo de control de longitud fija t|
008 - DATOS DE LONGITUD FIJA--INFORMACIÓN GENERAL
campo de control de longitud fija 030324s1906 gw ||||1| ger d
245 03 - MENCIÓN DEL TÍTULO
Título Lo Codi
Resto del título : eine Summa Codicis in provenzalischer Sprache aus der Mitte des XII. Jahrhunderts /
Mención de responsabilidad, etc. herausgegeben von Hermann Fitting und Hermann Suchier. Erste Teil, Lo Codi in der lateinischen Ubersetzung des Ricardus Pisanus / herausgegeben von Hermann Fitting.
260 ## - PUBLICACIÓN, DISTRIBUCIÓN, ETC.
Lugar de publicación, distribución, etc. Halle :
Nombre del editor, distribuidor, etc. Max Niemeyer,
Fecha de publicación, distribución, etc. 1906 (
Fabricante Waisenhanses)
300 ## - DESCRIPCIÓN FÍSICA
Extensión X, 385 p., III lám. ;
Dimensiones 24 cm.
650 07 - PUNTO DE ACCESO ADICIONAL DE MATERIA--TÉRMINO DE MATERIA
Término de materia o nombre geográfico como elemento de entrada Derecho romano
Fuente del encabezamiento o término embne
9 (RLIN) 11764
700 1# - ENTRADA AGREGADA--NOMBRE PERSONAL
Nombre de persona Pisanus, Ricardus.
9 (RLIN) 92367
700 1# - ENTRADA AGREGADA--NOMBRE PERSONAL
Nombre de persona Fitting, Hermann.
9 (RLIN) 51062
852 ## - LOCALIZACIÓN
Ubicación ES-MaACL
Número de control de estantería C-6604
Holdings
Estatus retirado Estado de pérdida Estado de daño No para préstamo Biblioteca de origen Biblioteca actual Ubicación en estantería Fecha de adquisición Fuente de adquisición Total de préstamos Signatura topográfica completa Código de barras Visto por última vez Precio de reemplazo Tipo de ítem Koha
        Biblioteca del Ateneo de Madrid Biblioteca del Ateneo de Madrid Sala Palomar 17/01/2008     C-6604 1047350 23/02/2023 23/02/2023 Libro impreso